Decisiones, incertidumbre y el cerebro: la ciencia de la Neuroeconomía

Đã lưu trong:
Chi tiết về thư mục
Tác giả chính: Glimcher, Paul W (Tác giả)
Định dạng: Sách
Ngôn ngữ:Tiếng Tây Ban Nha
Được phát hành: Ciudad de México Fondo de Cultura Económica 2009
Phiên bản:1a. ed
Loạt:Sección de Obras de Ciencia y Tecnología
Những chủ đề:
Các nhãn: Thêm thẻ
Không có thẻ, Là người đầu tiên thẻ bản ghi này!

MARC

LEADER 00000cam a2200000 a 4500
001 UCF1964
003 CL-VaPUC
008 120802e20090000MX |||||||||||||||||spa|d
020 |a 9786071600899 
082 0 4 |a 153.2  |b GLI  |2 21 
100 0 |a Glimcher, Paul W  |e author  |9 563534 
245 1 0 |a Decisiones, incertidumbre y el cerebro: la ciencia de la Neuroeconomía 
250 |a 1a. ed 
300 |a 389 p 
942 |c BK 
945 |d 20120802 00:00:00  |a dcastane 
260 |a Ciudad de México  |b Fondo de Cultura Económica  |c 2009 
650 0 |a Neurociencias  |9 424346 
650 0 |a Modelos matemáticos   |9 259437 
583 |a last modification  |c 20120802 10:35:00  |k Rodrigo Vera 
490 0 |a Sección de Obras de Ciencia y Tecnología 
999 |c 348648  |d 348646 
952 |0 0  |1 0  |4 0  |6 153_200000000000000_GLI_2009  |7 0  |8 A  |9 450771  |a BIBING  |b BIBING  |d 2019-11-22  |i 487403K  |l 1  |o 153.2 GLI 2009  |p 487403K  |r 2025-01-20  |s 2024-05-10  |w 2019-11-22  |y BK  |k CUI